Глобальное образование в глобальном мире: к формированию концептуального подхода; Инновационный университет и инновационное образование: модели, опыт, перспективы

Бібліографічні деталі
Parent link:Инновационный университет и инновационное образование: модели, опыт, перспективы.— 2003.— С. 56-57
Автор: Ямпольская Л. И. Людмила Ивановна
Мова:Російська
Опубліковано: 2003
Предмети:
Формат: Частина з книги
KOHA link:https://koha.lib.tpu.ru/cgi-bin/koha/opac-detail.pl?biblionumber=171758

MARC

LEADER 00000naa2a2200000 4500
001 171758
005 20231031164049.0
035 |a (RuTPU)RU\TPU\book\186225 
090 |a 171758 
100 |a 20091208d2003 k y0rusy50 ca 
101 0 |a rus 
102 |a RU 
200 1 |a Глобальное образование в глобальном мире: к формированию концептуального подхода  |f Л. И. Ямпольская 
463 0 |0 (RuTPU)RU\TPU\book\56255  |t Инновационный университет и инновационное образование: модели, опыт, перспективы  |o труды международного симпозиума, Москва, 27-28 мая 2003 г.  |f Ассоциация инженерного образования России ; Томский политехнический университет ; Инновационный университет и инновационное образование: модели, опыт, перспективы, международный симпозиум ; гл. ред. Ю. П. Похолков  |v С. 56-57  |d 2003  |p 112 с. 
610 1 |a глобализация 
610 1 |a образование 
610 1 |a человек 
610 1 |a знание 
610 1 |a труды учёных ТПУ 
700 1 |a Ямпольская  |b Л. И.  |c доцент, начальник отдела  |c кафедра философии, отдел интернет-технологий и интеллектуально-обучающих систем Томского политехнического университета  |g Людмила Ивановна  |2 stltpush  |3 (RuTPU)RU\TPU\pers\25188 
801 1 |a RU  |b 63413507  |c 20091208 
801 2 |a RU  |b 63413507  |c 20111205  |g RCR 
942 |c BK